[Event "UKR-ch sf U16"]
[Site "Kherson"]
[Date "2007.11.22"]
[Round "7"]
[White "Ilyin, Aleksandr1111"]
[Black "Nedigalov, Oleksandr"]
[Result "1/2-1/2"]
[WhiteElo "2075"]
[BlackElo "2049"]
[PlyCount "117"]
[EventDate "2007.11.16"]
[EventType "swiss"]
[EventRounds "9"]
[EventCountry "UKR"]
[SourceTitle "EXT 2023"]
[Source "ChessBase"]
[SourceDate "2022.10.05"]
[SourceVersion "1"]
[SourceVersionDate "2022.10.05"]
[SourceQuality "1"]

1. d4 Nf6 2. c4 g6 3. Nc3 d5 4. Bg5 Ne4 5. Nxe4 dxe4 6. e3 Bg7 7. Ne2 c5 8. Qd2 f5 9. 0-0-0 Na6 10. Nc3 h6 11. Bf4 cxd4 12. exd4 g5 13. Be5 Bxe5 14. dxe5 Qxd2+ 15. Rxd2 Be6 16. Be2 Rc8 17. Rhd1 Kf7 18. b3 g4 19. Nb5 Ra8 20. f4 Rhe8 21. h3 h5 22. Nd4 Bd7 23. Kb2 Nc5 24. Rc2 a5 25. a3 Be6 26. Nxe6 Nxe6 27. g3 Red8 28. Rcd2 Rxd2+ 29. Rxd2 Rd8 30. Rxd8 Nxd8 31. h4 Nc6 32. Kc3 b6 33. b4 axb4+ 34. axb4 e6 35. c5 bxc5 36. bxc5 Ke7 37. Kc4 Kd7 38. Bd1 Kc7 39. Kc3 Ne7 40. Bb3 Kd7 41. Ba4+ Nc6 42. Bb5 Kc7 43. Bc4 Kd7 44. Ba2 Na5 45. Kd4 Nc6+ 46. Kc4 e3 47. Kc3 e2 48. Kd2 Nd4 49. Bc4 Kc6 50. Bxe2 Nxe2 51. Kxe2 Kxc5 52. Kd1 Kd5 53. Ke1 Kc4 54. Ke2 Kc5 55. Kd3 Kd5 56. Ke3 Kc4 57. Ke2 Kd4 58. Kd2 Ke4 59. Ke2 1/2-1/2

[Event "UKR-ch sf U16"]
[Site "Kherson"]
[Date "2007.11.21"]
[Round "6"]
[White "Nedigalov, Oleksandr"]
[Black "Petrushin, Alexander"]
[Result "1-0"]
[WhiteElo "2049"]
[BlackElo "2025"]
[PlyCount "69"]
[EventDate "2007.11.16"]
[EventType "swiss"]
[EventRounds "9"]
[EventCountry "UKR"]
[SourceTitle "EXT 2023"]
[Source "ChessBase"]
[SourceDate "2022.10.05"]
[SourceVersion "1"]
[SourceVersionDate "2022.10.05"]
[SourceQuality "1"]

1. e4 Nc6 2. Nf3 e6 3. d4 d5 4. e5 f6 5. Bd3 fxe5 6. dxe5 Nge7 7. c3 g6 8. h4 Qd7 9. h5 Rg8 10. h6 b6 11. Bg5 Bb7 12. g4 0-0-0 13. Bf6 d4 14. Be4 dxc3 15. Qxd7+ Rxd7 16. Nxc3 Nd5 17. Ng5 Nd4 18. Nxd5 exd5 19. Bd3 c5 20. 0-0-0 c4 21. Bf1 Bc5 22. e6 Nxe6 23. Nxe6 Bxf2 24. Nd4 Be3+ 25. Kb1 g5 26. Bg7 Re8 27. Bg2 Ba6 28. Nf5 d4 29. Bc6 Bb7 30. Bxd7+ Kxd7 31. Bxd4 Bd2 32. Rhf1 Be4+ 33. Ka1 Bd3 34. Rf2 Bc2 35. Rfxd2 1-0

[Event "UKR-ch sf U16"]
[Site "Kherson"]
[Date "2007.11.20"]
[Round "5"]
[White "Minenko, Andrey V"]
[Black "Nedigalov, Oleksandr"]
[Result "1/2-1/2"]
[WhiteElo "1951"]
[BlackElo "2049"]
[PlyCount "57"]
[EventDate "2007.11.16"]
[EventType "swiss"]
[EventRounds "9"]
[EventCountry "UKR"]
[SourceTitle "EXT 2023"]
[Source "ChessBase"]
[SourceDate "2022.10.05"]
[SourceVersion "1"]
[SourceVersionDate "2022.10.05"]
[SourceQuality "1"]

1. d4 Nf6 2. Bg5 Ne4 3. Bf4 d5 4. Nf3 g6 5. c3 Bg7 6. e3 c6 7. Nbd2 Bf5 8. Be2 Qb6 9. Qb3 Nd7 10. 0-0 0-0 11. Nxe4 Qxb3 12. axb3 Bxe4 13. b4 Rfc8 14. Ng5 Nf6 15. Be5 Bf5 16. Rfd1 h6 17. Nf3 Bf8 18. Ne1 Ng4 19. Bg3 Nf6 20. f3 Nd7 21. Kf2 f6 22. Nd3 Be6 23. Ra3 Bf7 24. Rda1 a6 25. Nc5 Nxc5 26. bxc5 e5 27. Rb3 Ra7 28. Ra4 Rd8 29. Rab4 1/2-1/2

[Event "UKR-ch sf U16"]
[Site "Kherson"]
[Date "2007.11.19"]
[Round "4"]
[White "Nedigalov, Oleksandr"]
[Black "Lugovoy, Aleksandr"]
[Result "0-1"]
[WhiteElo "2049"]
[BlackElo "2016"]
[PlyCount "160"]
[EventDate "2007.11.16"]
[EventType "swiss"]
[EventRounds "9"]
[EventCountry "UKR"]
[SourceTitle "EXT 2023"]
[Source "ChessBase"]
[SourceDate "2022.10.05"]
[SourceVersion "1"]
[SourceVersionDate "2022.10.05"]
[SourceQuality "1"]

1. e4 c6 2. d4 d5 3. e5 g6 4. Bd3 Bg7 5. c3 b6 6. h4 h5 7. Ne2 e6 8. Bg5 Qc7 9. Nf4 Ne7 10. Bxe7 Qxe7 11. Bxg6 fxg6 12. Nxg6 Qf7 13. Nxh8 Bxh8 14. Qd2 Ba6 15. Rh3 Nd7 16. Qg5 Nf8 17. Rg3 Kd7 18. Qh6 Qh7 19. Qxh7+ Nxh7 20. Kd2 Rf8 21. Ke3 Rf7 22. f4 Bg7 23. Rf3 Bh6 24. g3 Nf8 25. Nd2 Ng6 26. b3 Ne7 27. Kf2 Nf5 28. Nf1 c5 29. Ne3 cxd4 30. Nxf5 Rxf5 31. cxd4 Bf8 32. a3 Be7 33. Ke3 Rf8 34. Kd2 Bb5 35. Rf2 a5 36. Rf3 Rf5 37. Ke3 Ke8 38. Rf2 a4 39. b4 Kf7 40. Rc1 Bc4 41. Rc3 Kg6 42. Kf3 Rf8 43. Rg2 Kf5 44. Rgc2 Re8 45. Rc1 Bd8 46. Ke3 Kg4 47. Rg1 b5 48. Kf2 Bb6 49. Ke3 Rg8 50. Rc2 Ba7 51. Rf2 Rf8 52. Rh2 Bb6 53. Rc2 Rc8 54. Rc3 Rc7 55. Rc2 Kf5 56. Rc3 Rg7 57. Rc2 Bd8 58. Rh2 Bb3 59. Rhh1 Bb6 60. g4+ hxg4 61. h5 Rc7 62. h6 Rc3+ 63. Kd2 Rc2+ 64. Kd3 Ra2 65. Rh5+ Kxf4 66. Rc1 Rf2 67. h7 Rf3+ 68. Ke2 Re3+ 69. Kf2 Bxd4 70. h8Q Rxe5+ 71. Kf1 Re1+ 72. Rxe1 Bxh8 73. Rxh8 d4 74. Rxe6 Bxe6 75. Ke2 Bc4+ 76. Kd2 g3 77. Rf8+ Kg4 78. Rd8 g2 79. Rxd4+ Kf3 80. Rxc4 bxc4 0-1